[Event "American Continental Rapid 18th"]
[Site "Medellin"]
[Date "2024.06.01"]
[Round "2"]
[White "Jimenez Jimenez, Leandro"]
[Black "Meza Galvan, Luis A"]
[Result "1-0"]
[WhiteElo "2189"]
[BlackElo "1849"]
[PlyCount "71"]
[EventDate "2024.06.01"]
[EventType "swiss (rapid)"]
[EventRounds "9"]
[EventCountry "COL"]
[SourceTitle "CBM 220 Extra"]
[Source "ChessBase"]
[SourceDate "2024.07.31"]
[SourceVersion "1"]
[SourceVersionDate "2024.07.31"]
[SourceQuality "1"]

1. d4 e6 2. Nf3 d5 3. g3 Nf6 4. Bg2 Be7 5. c4 dxc4 6. Qa4+ c6 7. Qxc4 0-0 8. 0-0 Nbd7 9. Nbd2 Bd6 10. Qc2 e5 11. Nc4 Bc7 12. dxe5 Ne8 13. Ng5 g6 14. e6 Ne5 15. Nxe5 Bxe5 16. exf7+ Rxf7 17. Nxf7 Kxf7 18. Bd2 Bf5 19. Qb3+ Kf6 20. Bc3 Bxc3 21. Qxc3+ Kg5 22. Qb4 Kh6 23. Rfd1 Qc7 24. e4 Bg4 25. Qf8+ Kh5 26. h3 Bxd1 27. Rxd1 g5 28. Bf3+ Kg6 29. Bg4 Qg7 30. Qf5+ Kh6 31. Rd7 Qg6 32. e5 Rc8 33. Qf8+ Ng7 34. Qxc8 Qb1+ 35. Rd1 Qxb2 36. Rd6+ 1-0

[Event "American Continental Rapid 18th"]
[Site "Medellin"]
[Date "2024.06.01"]
[Round "7"]
[White "Meza Galvan, Luis A"]
[Black "Barreto Pulido, Mariana"]
[Result "1-0"]
[WhiteElo "1849"]
[BlackElo "1578"]
[PlyCount "51"]
[EventDate "2024.06.01"]
[EventType "swiss (rapid)"]
[EventRounds "9"]
[EventCountry "COL"]
[SourceTitle "CBM 220 Extra"]
[Source "ChessBase"]
[SourceDate "2024.07.31"]
[SourceVersion "1"]
[SourceVersionDate "2024.07.31"]
[SourceQuality "1"]

1. e4 c5 2. Nf3 d6 3. d4 cxd4 4. Nxd4 Nf6 5. Nc3 g6 6. f3 Bg7 7. Be3 Nc6 8. Qd2 0-0 9. 0-0-0 Qa5 10. Kb1 Rd8 11. h4 Nxd4 12. Bxd4 Be6 13. Bxf6 Bxf6 14. Nd5 Qxd2 15. Nxf6+ exf6 16. Rxd2 d5 17. exd5 Bxd5 18. Bd3 Rac8 19. b3 f5 20. Re2 Re8 21. Rhe1 Be6 22. h5 Kg7 23. hxg6 hxg6 24. Bc4 Bd7 25. Re7 Be6 26. R1xe6 1-0

[Event "American Continental Rapid 18th"]
[Site "Medellin"]
[Date "2024.06.01"]
[Round "9"]
[White "Meza Galvan, Luis A"]
[Black "Rajkumar, Daniel"]
[Result "1/2-1/2"]
[WhiteElo "1849"]
[BlackElo "1707"]
[PlyCount "101"]
[EventDate "2024.06.01"]
[EventType "swiss (rapid)"]
[EventRounds "9"]
[EventCountry "COL"]
[SourceTitle "CBM 220 Extra"]
[Source "ChessBase"]
[SourceDate "2024.07.31"]
[SourceVersion "1"]
[SourceVersionDate "2024.07.31"]
[SourceQuality "1"]

1. e4 e6 2. d4 d5 3. Nc3 Nf6 4. e5 Nfd7 5. f4 c5 6. Nf3 Nc6 7. Be3 Be7 8. Qd2 cxd4 9. Nxd4 Nxd4 10. Bxd4 g6 11. 0-0-0 Qa5 12. Kb1 Nc5 13. Bb5+ Bd7 14. Bxc5 Bxc5 15. Bxd7+ Kxd7 16. Nxd5 Qxd2 17. Nf6+ Ke7 18. Rxd2 Rad8 19. Rhd1 Be3 20. Rd7+ Rxd7 21. Rxd7+ Kf8 22. g3 Bg1 23. h3 Bh2 24. Ne4 Kg7 25. Rxb7 Rd8 26. Nd6 Rf8 27. Rb3 h5 28. Rf3 Rb8 29. c4 Bg1 30. b3 Bc5 31. Ne4 Ba3 32. Rd3 a5 33. Nc3 h4 34. g4 Bb4 35. Nb5 a4 36. Kc2 axb3+ 37. Kxb3 Bc5 38. a4 Ra8 39. Nd6 Rb8+ 40. Nb5 Kf8 41. Rd7 Ke8 42. Rc7 Be3 43. Kb4 Bxf4 44. Rc5 Bd2+ 45. Kb3 Bf4 46. Rc6 Bxe5 47. c5 Bg3 48. Kc4 Kd8 49. a5 Ra8 50. a6 Bd6 51. Rxd6+ 1/2-1/2

[Event "American Continental Rapid 18th"]
[Site "Medellin"]
[Date "2024.06.01"]
[Round "6"]
[White "Reyes Zavaleta, Fabian Ricardo"]
[Black "Meza Galvan, Luis A"]
[Result "1-0"]
[WhiteElo "2037"]
[BlackElo "1849"]
[PlyCount "73"]
[EventDate "2024.06.01"]
[EventType "swiss (rapid)"]
[EventRounds "9"]
[EventCountry "COL"]
[SourceTitle "CBM 220 Extra"]
[Source "ChessBase"]
[SourceDate "2024.07.31"]
[SourceVersion "1"]
[SourceVersionDate "2024.07.31"]
[SourceQuality "1"]

1. d4 e6 2. c4 d5 3. Nf3 Nf6 4. g3 Nbd7 5. Bg2 c6 6. Qc2 Bb4+ 7. Bd2 Bxd2+ 8. Nbxd2 0-0 9. 0-0 Re8 10. e4 dxe4 11. Nxe4 Nxe4 12. Qxe4 Nf6 13. Qe2 Qc7 14. Qe5 Qxe5 15. dxe5 Nd7 16. Rad1 Nb6 17. b3 a5 18. Rc1 a4 19. b4 a3 20. Rc3 Ra4 21. Rb1 Rd8 22. Bf1 f6 23. Bd3 Nd7 24. Bc2 Ra7 25. exf6 gxf6 26. c5 Nf8 27. Rbb3 Ra4 28. b5 cxb5 29. Rxb5 Ra7 30. Rbb3 Bd7 31. Be4 e5 32. Rxb7 Ra4 33. Bd5+ Kh8 34. c6 Bh3 35. Bb3 Raa8 36. c7 Rd6 37. Rb8 1-0

[Event "American Continental Blitz 18th"]
[Site "Medellin"]
[Date "2024.05.29"]
[Round "3"]
[White "Holliman, Bob"]
[Black "Meza Galvan, Luis A"]
[Result "1-0"]
[WhiteElo "1962"]
[BlackElo "1849"]
[PlyCount "98"]
[EventDate "2024.05.29"]
[EventType "swiss (blitz)"]
[EventRounds "9"]
[EventCountry "COL"]
[SourceTitle "CBM 220 Extra"]
[Source "ChessBase"]
[SourceDate "2024.07.31"]
[SourceVersion "1"]
[SourceVersionDate "2024.07.31"]
[SourceQuality "1"]

1. d4 g6 2. Nf3 Bg7 3. Bf4 d6 4. c3 Nd7 5. e3 Ngf6 6. h3 0-0 7. Be2 b6 8. 0-0 Bb7 9. Nbd2 Re8 10. Bh2 e5 11. a4 exd4 12. exd4 Ne4 13. Bc4 Nxd2 14. Qxd2 Nf6 15. Rfe1 a6 16. Qc2 d5 17. Bd3 Nh5 18. Qd2 Qd7 19. Ne5 Bxe5 20. Bxe5 f6 21. Bh2 Rxe1+ 22. Rxe1 Re8 23. b3 Rxe1+ 24. Qxe1 Kf7 25. Qd2 Kg7 26. Be2 Qf5 27. Bxc7 Qb1+ 28. Kh2 Qxb3 29. Qe3 Qa3 30. Bxb6 Qd6+ 31. Kh1 Qxb6 32. g4 Qb1+ 33. Kh2 Qe4 34. Qxe4 dxe4 35. gxh5 Bc6 36. a5 f5 37. Kg3 Kf6 38. hxg6 hxg6 39. h4 g5 40. hxg5+ Kxg5 41. f4+ Kg6 42. Bxa6 Kh5 43. Kf2 Kg4 44. Ke3 Kh5 45. Bc8 Kg6 46. a6 Kf6 47. Bb7 Bxb7 48. axb7 Ke7 49. b8Q Ke6 1-0

[Event "American Continental 18th"]
[Site "Medellin"]
[Date "2024.05.29"]
[Round "8"]
[White "Meza Galvan, Luis A"]
[Black "Ladron De Guevara Mendez, Lorena"]
[Result "1/2-1/2"]
[WhiteElo "1849"]
[BlackElo "1640"]
[PlyCount "56"]
[EventDate "2024.05.24"]
[EventType "swiss"]
[EventRounds "11"]
[EventCountry "COL"]
[SourceTitle "CBM 220 Extra"]
[Source "ChessBase"]
[SourceDate "2024.07.31"]
[SourceVersion "1"]
[SourceVersionDate "2024.07.31"]
[SourceQuality "1"]

1. e4 e5 2. Nf3 Nc6 3. d4 exd4 4. Nxd4 Bc5 5. Be3 Qf6 6. c3 Qg6 7. f3 a6 8. Qd2 Nf6 9. Bd3 Ne5 10. 0-0 d5 11. Nc2 Nxd3 12. Qxd3 Bxe3+ 13. Qxe3 dxe4 14. Nd2 0-0 15. Nxe4 Nxe4 16. fxe4 Re8 17. Rf4 b6 18. Re1 Bb7 19. h3 h5 20. Nd4 Re7 21. Nf5 Re5 22. Nh4 Qc6 23. Nf3 Re7 24. Nd4 Qg6 25. Nf5 Re5 26. Nh4 Qc6 27. Nf3 Re7 28. Nd4 Qg6 1/2-1/2

[Event "Cerete op 32nd"]
[Site "Cerete"]
[Date "2024.03.21"]
[Round "2"]
[White "Gutierrez Jayk, Camilo Andres"]
[Black "Meza Galvan, Luis A"]
[Result "0-1"]
[WhiteElo "1407"]
[BlackElo "1860"]
[PlyCount "46"]
[EventDate "2024.03.21"]
[EventType "swiss"]
[EventRounds "8"]
[EventCountry "COL"]
[SourceTitle "CBM 219 Extra"]
[Source "ChessBase"]
[SourceDate "2024.05.31"]
[SourceVersion "1"]
[SourceVersionDate "2024.05.31"]
[SourceQuality "1"]

1. d4 g6 2. Bf4 Bg7 3. e3 d6 4. Nf3 Nf6 5. Nbd2 0-0 6. Bd3 Nc6 7. 0-0 Re8 8. Bc4 h6 9. e4 e5 10. dxe5 Nxe5 11. Qe2 Nxc4 12. Qxc4 Nh5 13. g3 Nxf4 14. gxf4 Bxb2 15. Rad1 Bg7 16. e5 d5 17. Qc5 Bh3 18. Rfe1 Qd7 19. e6 Rxe6 20. Rxe6 Qxe6 21. Nh4 Qg4+ 22. Kh1 Qxd1+ 23. Nf1 Qxf1# 0-1

[Event "American Continental 13th"]
[Site "Medellin"]
[Date "2017.06.18"]
[Round "11"]
[White "Mora Suarez, Juan Felipe"]
[Black "Meza Galvan, Luis A"]
[Result "1-0"]
[WhiteElo "1858"]
[BlackElo "1757"]
[PlyCount "30"]
[EventDate "2017.06.10"]
[EventType "swiss"]
[EventRounds "11"]
[EventCountry "COL"]
[SourceTitle "CBM 178 Extra"]
[Source "ChessBase"]
[SourceDate "2017.06.22"]
[SourceVersion "1"]
[SourceVersionDate "2017.06.22"]
[SourceQuality "1"]

1. c4 Nf6 2. g3 e5 3. Bg2 Nc6 4. Nc3 Rb8 5. Nf3 d6 6. 0-0 Bf5 7. d4 exd4 8. Nxd4 Nxd4 9. Qxd4 a6 10. Bg5 Be7 11. Nd5 Nxd5 12. Qxd5 Be6 13. Bxe7 Qxe7 14. Qd4 0-0 15. Rac1 b6 1-0

[Event "American Continental 13th"]
[Site "Medellin"]
[Date "2017.06.17"]
[Round "10"]
[White "Martinez Murcia, John Alexander"]
[Black "Meza Galvan, Luis A"]
[Result "1-0"]
[WhiteElo "1912"]
[BlackElo "1757"]
[PlyCount "49"]
[EventDate "2017.06.10"]
[EventType "swiss"]
[EventRounds "11"]
[EventCountry "COL"]
[SourceTitle "CBM 178 Extra"]
[Source "ChessBase"]
[SourceDate "2017.06.22"]
[SourceVersion "1"]
[SourceVersionDate "2017.06.22"]
[SourceQuality "1"]

1. d4 g6 2. c4 Bg7 3. Nc3 d6 4. e4 e6 5. f4 Ne7 6. Nf3 Nd7 7. Be2 b6 8. 0-0 Bb7 9. Be3 d5 10. cxd5 exd5 11. e5 0-0 12. Rc1 a6 13. b4 b5 14. a4 c6 15. a5 Nf5 16. Bf2 h5 17. h3 Re8 18. Bd3 Nh6 19. g4 f5 20. Qe1 Nf8 21. Bh4 Qd7 22. Kh1 Ne6 23. Ne2 Bf8 24. Rg1 Kh7 25. Ng5+ 1-0

[Event "American Continental 13th"]
[Site "Medellin"]
[Date "2017.06.11"]
[Round "2"]
[White "Buitrago Grajales, Juan Carlos"]
[Black "Meza Galvan, Luis A"]
[Result "1-0"]
[WhiteElo "2035"]
[BlackElo "1757"]
[PlyCount "117"]
[EventDate "2017.06.10"]
[EventType "swiss"]
[EventRounds "11"]
[EventCountry "COL"]
[SourceTitle "CBM 178 Extra"]
[Source "ChessBase"]
[SourceDate "2017.06.22"]
[SourceVersion "1"]
[SourceVersionDate "2017.06.22"]
[SourceQuality "1"]

1. d4 g6 2. c4 Bg7 3. Nc3 d6 4. Nf3 e5 5. dxe5 dxe5 6. Qxd8+ Kxd8 7. e4 Nc6 8. Bg5+ f6 9. 0-0-0+ Bd7 10. Be3 Kc8 11. Be2 Nge7 12. Rd2 Be6 13. Rhd1 b6 14. Nd5 Kb7 15. Kb1 h6 16. c5 f5 17. Ba6+ Kxa6 18. Nxc7+ Kb7 19. Nxe6 fxe4 20. Nxg7 exf3 21. gxf3 Nf5 22. Nxf5 gxf5 23. Rd7+ Ka6 24. cxb6 axb6 25. Rc7 Nd8 26. Rd6 Rb8 27. Rxh6 Re8 28. Rhh7 f4 29. Bd2 Ne6 30. Ra7+ Kb5 31. Rh5 Nd4 32. Bxf4 Nxf3 33. Ra3 Kc4 34. Rxf3 exf4 35. Rxf4+ Kd3 36. Rh3+ Kd2 37. Rd4+ Ke2 38. Re3+ Rxe3 39. fxe3 Kxe3 40. Rb4 Kd3 41. a3 Rh8 42. Rxb6 Rxh2 43. Rc6 Kd4 44. Ka2 Kd5 45. Rc8 Kd6 46. a4 Rg2 47. Ka3 Rg4 48. b3 Kd5 49. a5 Rg3 50. Ka4 Rg1 51. b4 Kd6 52. a6 Ra1+ 53. Kb5 Kd7 54. Rc2 Ra3 55. Kb6 Rg3 56. b5 Rg6+ 57. Kb7 Rg5 58. b6 Rg2 59. Rxg2 1-0

[Event "Monteria op"]
[Site "Monteria"]
[Date "2011.11.14"]
[Round "7"]
[White "Sanchez Liecano, Sebastian Felipe"]
[Black "Meza Galvan, Luis A"]
[Result "0-1"]
[WhiteElo "2169"]
[BlackElo "1708"]
[PlyCount "70"]
[EventDate "2011.11.12"]
[EventType "swiss"]
[EventRounds "7"]
[EventCountry "COL"]
[SourceTitle "EXT 2012"]
[Source "ChessBase"]
[SourceDate "2011.11.24"]
[SourceVersion "1"]
[SourceVersionDate "2011.11.24"]
[SourceQuality "1"]

1. e4 e6 2. Nf3 d5 3. e5 c5 4. b4 cxb4 5. a3 Bd7 6. axb4 Bxb4 7. c3 Bf8 8. d4 Ne7 9. Ba3 Ng6 10. h4 Bxa3 11. Nxa3 0-0 12. h5 Ne7 13. Bd3 f5 14. g3 h6 15. Kf1 a6 16. Kg2 Nbc6 17. Nc2 Qe8 18. Nh4 Qf7 19. f4 Rfc8 20. Ne3 b5 21. g4 fxg4 22. Qxg4 b4 23. c4 Nxd4 24. cxd5 Nxd5 25. Nxd5 Bc6 26. Be4 Bxd5 27. Bxd5 exd5 28. f5 Rc2+ 29. Kh3 Rac8 30. Nf3 Nxf3 31. Qxf3 R8c3 32. Qxc3 Qxf5+ 33. Kg3 Rxc3+ 34. Kg2 Qf3+ 35. Kg1 Rc4 0-1

[Event "Monteria op"]
[Site "Monteria"]
[Date "2011.11.13"]
[Round "4"]
[White "Meza Galvan, Luis A"]
[Black "Pena, Alcides"]
[Result "1-0"]
[WhiteElo "1708"]
[BlackElo "1588"]
[PlyCount "53"]
[EventDate "2011.11.12"]
[EventType "swiss"]
[EventRounds "7"]
[EventCountry "COL"]
[SourceTitle "EXT 2012"]
[Source "ChessBase"]
[SourceDate "2011.11.24"]
[SourceVersion "1"]
[SourceVersionDate "2011.11.24"]
[SourceQuality "1"]

1. e4 e5 2. Nf3 Nc6 3. d4 exd4 4. Nxd4 Nxd4 5. Qxd4 d6 6. Bc4 Nf6 7. 0-0 Be7 8. Bg5 Be6 9. Nc3 c6 10. Bxe6 fxe6 11. e5 Nd5 12. Bxe7 Qxe7 13. exd6 Qf6 14. d7+ Kf7 15. Qc5 Nxc3 16. bxc3 Qe7 17. Qh5+ g6 18. Qf3+ Kg7 19. Qd3 Rhd8 20. Rad1 Qc5 21. Rfe1 Qd5 22. Qh3 Qf5 23. Qxf5 exf5 24. Re7+ Kf6 25. Rxh7 Rac8 26. Rd6+ Ke5 27. dxc8Q 1-0